000 00553nam a2200205Ia 4500
005 20250505145702.0
008 008 250505s9999 xx 000 0 eng d
037 _aTextbook
040 _aFML
_bhin
_cFML
041 _ahin
_2hin
084 _aNR44ObQ2:22
_qFML
100 _aChandramani, Priyansh
245 0 _aPurano Mein Nritya Ke Tattva
260 _aNew Delhi , India
_bRawat Publication
_c2023
300 _a248p
365 _aINR
_b1200
650 _aMusic
942 _cTB
_hNR44ObQ2:22
999 _c1311418
_d1311418